000 00412nam a22001337a 4500
003 SGT
020 _a9788123786926
082 _a891.4309
_bR18B
100 _aभगत, अरुण कुमार
245 _aराष्ट्रीय चेतना की कहानियाँ
260 _bराष्ट्रीय पुस्तक न्यास
_c2018
300 _a157
942 _2ddc
_cBK
999 _c31430
_d31430